Zaren & Kaiser Russlands Quiz - Statistiken

Allgemein
  • Dieses Quiz wurde 44 mal gespielt
  • Das Durchschnittsergebnis liegt bei 13 aus 26
Antwortstatistiken
Regierungszeit Beiname Name des Zars oder Kaisers % Korrekt
1682 - 1725 der Große Peter I.
85%
1727 - 1730 Peter II.
85%
1762 Peter III.
85%
1801 - 1825 Alexander I.
82%
1855 - 1881 der Befreier Alexander II.
82%
1881 - 1894 der Friedensstifter Alexander III.
82%
1825 - 1855 Nikolaus I.
82%
1894 - 1917 Nikolaus II.
82%
1725 - 1727 Katharina I.
79%
1762 - 1796 die Große Katharina II.
79%
1533 - 1584 der Schreckliche Iwan IV.
77%
1682 - 1696 Iwan V.
77%
1740 - 1741 Iwan VI.
77%
1598 - 1605 Godunov Boris
36%
1605 - 1606 der Falsche Dimitri I.
36%
1796 - 1801 Paul I.
31%
1741 - 1762 Elisabeth
28%
1730 - 1740 Anna
26%
1613 - 1645 Michael I.
21%
1584 - 1598 Fjodor I.
18%
1605 Godunov Fjodor II.
18%
1676 - 1682 Fjodor III.
18%
1645 - 1676 der Sanftmütigste Alexei I.
15%
1606 - 1610 Schuiski Wassili IV.
15%
1682 - 1689 Alexejewna Sofia
8%
1610 - 1613 Wasa Władysław IV.
8%
Keine übereinstimmenden Quizze gefunden
Verteilung der Resultate
Anzahl Personen mit jedem Resultat
Perzentil nach korrekt beantworteten Fragen
Ihre Resultats-Entwicklung
Sie haben dieses Quiz noch nicht gespielt